[Event "FISCA Online U14 op"]
[Site "Chess.com INT"]
[Date "2020.05.14"]
[Round "6"]
[White "Nyktaris, Minas"]
[Black "Garbowska, Maja"]
[Result "1-0"]
[WhiteElo "1034"]
[BlackElo "1405"]
[PlyCount "63"]
[EventDate "2020.05.09"]
[EventType "swiss"]
[EventRounds "9"]
[EventCountry "ROU"]
[SourceTitle "EXT 2021"]
[Source "ChessBase"]
[SourceDate "2020.10.23"]
[SourceVersion "1"]
[SourceVersionDate "2020.10.23"]
[SourceQuality "1"]

1. d4 Nf6 2. c4 g6 3. Nf3 Bg7 4. e3 0-0 5. Be2 e6 6. 0-0 d5 7. cxd5 exd5 8. Nc3 c6 9. Re1 Re8 10. Qc2 Bf5 11. Bd3 Be4 12. Bxe4 Nxe4 13. Nxe4 dxe4 14. Nd2 Qh4 15. b3 Nd7 16. Bb2 Nf6 17. h3 Rad8 18. Nc4 Rd5 19. Ne5 Nh5 20. Rad1 g5 21. Qc4 Nf6 22. Qb4 g4 23. Qxb7 Rf8 24. g3 Qxh3 25. Ba3 Rfd8 26. Qxf7+ Kh8 27. Be7 R8d7 28. Qe6 Rxe5 29. dxe5 Rxd1 30. Rxd1 Nh5 31. Qc8+ Bf8 32. Qxf8# 1-0